000 00552nmm a2200181Ia 4500
008 251105s9999||||xx |||||||||||||||||und||
020 _a9788497884099
041 _aspa
100 _aMoyano Mangas, Segundo
245 0 _aVoces de la educación social
264 _a[Madrid, España] :
_bUniversitat Oberta de Catalunya,
_c2011
300 _a382 páginas
650 _aSocial Sciences (General)
700 _aMoyano Mangas, Segundo
700 1 _a Planella Ribera, Jordi
856 _uhttps://public.digitaliapublishing.com/a/20600
942 _cCF
999 _c69170
_d69170